LEADER 01140nam--2200385---450- 001 990003038780203316 005 20071221153648.0 010 $a978-0-691-12351-6 035 $a000303878 035 $aUSA01000303878 035 $a(ALEPH)000303878USA01 035 $a000303878 100 $a20071221d2005----km-y0itay50------ba 101 $aeng 102 $aUS 105 $a||||||||001yy 200 1 $aThucydides$ean introduction for the common reader$fPerez Zagorin 210 $aPrinceton ; Oxford$cPrinceton university press$dc2005 215 $aXIII, 190 p.$d24 cm. 410 0$12001 454 1$12001 461 1$1001-------$12001 600 1$aTucidide$xGuerra del Peloponneso$xStoria 606 0 $aGrecia$xStoria$xGuerra del Peloponneso$z431-404 a.C. 676 $a938.05072 700 1$aZAGORIN,$bPerez$0317554 801 0$aIT$bsalbc$gISBD 912 $a990003038780203316 951 $aIX.3. 563$b202602 L.M.$cIX.3.$d00162540 959 $aBK 969 $aUMA 979 $aRIVELLI$b90$c20071221$lUSA01$h1535 979 $aRIVELLI$b90$c20071221$lUSA01$h1536 996 $aThucydides$91026408 997 $aUNISA LEADER 01426nam a2200361 i 4500 001 991000862049707536 005 20020507174735.0 008 930922s1968 us ||| | eng 035 $ab1076768x-39ule_inst 035 $aLE01303466$9ExL 040 $aDip.to Matematica$beng 082 0 $a515.9 084 $aAMS 30-06 084 $aAMS 30-XX 084 $aAMS 30D 100 1 $aEhrenpreis, Leon$012308 245 10$aEntire functions and related parts of analysis :$bproc. symp. in Pure math. of AMS held at Univ. California, San Diego, June 27 - July 22, 1966 /$ccoord. ed. J. Korevaar ; eds. S. S. Chern ... [et al.] 260 $aProvidence, R. I. :$bAmerican Mathematical Society,$c1968 300 $avi, 554 p. ;$c25 cm. 490 0 $aProceedings of symposia in pure mathematics,$x0082-0717 ;$v11 500 $aConference/meeting San Diego 1966 650 0$aEntire and meromorphic functions 650 0$aFunctions of a complex variable 650 0$aRelated topics 700 1 $aFuchs, W. H. J. 700 1 $aKorevaar, Jacob 700 1 $aRubel, L. A. 907 $a.b1076768x$b23-02-17$c28-06-02 912 $a991000862049707536 945 $aLE013 30-XX KOR11 (1968)$g1$i2013000071435$lle013$o-$pE0.00$q-$rl$s- $t0$u0$v0$w0$x0$y.i1086426x$z28-06-02 996 $aEntire functions and related parts of analysis$9922450 997 $aUNISALENTO 998 $ale013$b01-01-93$cm$da $e-$feng$gus $h0$i1